Exploraciones en Huexotla, Texcoco y El Gavilan (Record no. 7104)

MARC details
000 -CABECERA
campo de control de longitud fija 00709nam a2200241 a 4500
001 - NÚMERO DE CONTROL
campo de control BRCA_7428
005 - FECHA Y HORA DE LA ÚLTIMA TRANSACCIÓN
campo de control 20190320205831.0
008 - DATOS DE LONGITUD FIJA--INFORMACIÓN GENERAL
campo de control de longitud fija 050413s1904----mx-a######---#000-0#spa-#
041 ## - CÓDIGO DE LENGUA
Código de lengua del texto/banda sonora o título independiente spa
044 ## - CÓDIGO DEL PAÍS DE LA ENTIDAD EDITORA/PRODUCTORA
Código MARC del país mx
050 #4 - SIGNATURA TOPOGRÁFICA DE LA BIBLIOTECA DEL CONGRESO
Número de clasificación F1219
Número de documento/Ítem .B38 1904
100 1# - ENTRADA PRINCIPAL--NOMBRE DE PERSONA
Nombre de persona Batres, Leopoldo
9 (RLIN) 18305
245 10 - MENCIÓN DE TÍTULO
Título Exploraciones en Huexotla, Texcoco y El Gavilan
Mención de responsabilidad, etc. por Leopoldo Batres.
260 ## - PUBLICACIÓN, DISTRIBUCIÓN, ETC.
Lugar de publicación, distribución, etc. México
Nombre del editor, distribuidor, etc. J. I. Guerrero
Fecha de publicación, distribución, etc. 1904
300 ## - DESCRIPCIÓN FÍSICA
Extensión 15 p.
Otras características físicas il. (algunas a color), 19 láminas
500 ## - NOTA GENERAL
Nota general Q165
650 14 - PUNTO DE ACCESO ADICIONAL DE MATERIA--TÉRMINO DE MATERIA
Término de materia o nombre geográfico como elemento de entrada Aztecas
9 (RLIN) 2396
650 14 - PUNTO DE ACCESO ADICIONAL DE MATERIA--TÉRMINO DE MATERIA
Término de materia o nombre geográfico como elemento de entrada Indios de México
Subdivisión general Antigüedades
9 (RLIN) 18306
651 #4 - PUNTO DE ACCESO ADICIONAL DE MATERIA--NOMBRE GEOGRÁFICO
Nombre geográfico México
Subdivisión general Antigüedades
9 (RLIN) 2765
651 #4 - PUNTO DE ACCESO ADICIONAL DE MATERIA--NOMBRE GEOGRÁFICO
Nombre geográfico México
Subdivisión general Condiciones económicas
9 (RLIN) 2842
902 ## - CATALOGADOR
Iniciales GFM
942 ## - ELEMENTOS DE PUNTO DE ACCESO ADICIONAL (KOHA)
Fuente del sistema de clasificación o colocación Library of Congress Classification
Tipo de ítem Koha Libros
Holdings
Estado de retiro Estado de pérdida Estado dañado No para préstamo Localización permanente Ubicación/localización actual Fecha de adquisición Número de inventario Total de préstamos Signatura topográfica completa Código de barras Fecha visto por última vez Precio válido a partir de Tipo de ítem Koha
El ejemplar forma parte de la colección y puede ser consultado según las políticas vigentes.       Biblioteca del Museo Franz Mayer (Rogerio Casas-Alatriste) Biblioteca del Museo Franz Mayer (Rogerio Casas-Alatriste) 04/04/2013 Q165   F1219 .B38 1904 (Q165) 8031 22/03/2019 22/03/2019 Libros